000 00684nam a2200277Ia 4500
005 20260324122404.0
008 008 260324s9999 xx 000 0 eng d
020 _a9781315591353
037 _aEBOOK
040 _aCRL
040 _beng
040 _cCRL
041 _2eng
041 _aeng
084 _qCRL
100 _aCatherine Armstrong
_9872600
245 0 _aLandscape and Identity in North America's Southern Colonies from 1660 to 1745
260 _bTaylor and Francis
260 _c2013
365 _a
365 _b150
856 _uhttp://www.taylorfrancis.com/books/9781315591353
942 _cEBOOK
999 _c1758966
_d1758966